Geofísica minera / (Record no. 5502)

MARC details
000 -LEADER
campo de control de longitud fija 00722nam a2200241 i 4500
001 - NÚMERO DE CONTROL
campo de control 5502
003 - IDENTIFICADOR DE NÚMERO DE CONTROL
campo de control ES-MaACL
005 - FECHA Y HORA DE LA ÚLTIMA TRANSACCIÓN
campo de control 20231002130100.0
007 - CAMPO FIJO DE DESCRIPCIÓN FÍSICA--INFORMACIÓN GENERAL
campo de control de longitud fija t|
008 - DATOS DE LONGITUD FIJA--INFORMACIÓN GENERAL
campo de control de longitud fija 881020s1971 sp |||| | spa d
080 ## - NÚMERO DE LA CLASIFICACIÓN DECIMAL UNIVERSAL
Número de la Clasificación Decimal Universal 55.08
100 1# - ENTRADA PRINCIPAL--NOMBRE DE PERSONA
Nombre de persona Parasnis, D. S.
9 (RLIN) 88938
245 10 - MENCIÓN DEL TÍTULO
Título Geofísica minera /
Mención de responsabilidad, etc. D.S.Parasnis ; traducción, adaptación y notas de Ernesto Orellana.
260 ## - PUBLICACIÓN, DISTRIBUCIÓN, ETC.
Lugar de publicación, distribución, etc. Madrid :
Nombre del editor, distribuidor, etc. Paraninfo,
Fecha de publicación, distribución, etc. 1971.
300 ## - DESCRIPCIÓN FÍSICA
Extensión 376 p. ;
Dimensiones 22 cm.
500 ## - NOTA GENERAL
Nota general Bibliografía. Índice.
650 #4 - PUNTO DE ACCESO ADICIONAL DE MATERIA--TÉRMINO DE MATERIA
Término de materia o nombre geográfico como elemento de entrada Geofísica.
9 (RLIN) 136172
700 1# - ENTRADA AGREGADA--NOMBRE PERSONAL
Nombre de persona Orellana, Ernesto.
9 (RLIN) 87224
852 ## - LOCALIZACIÓN
Ubicación ES-MaACL
Número de control de estantería L-12205
itemnumber 5625
Ubicación en estantería Depósito 2
852 ## - LOCALIZACIÓN
Ubicación ES-MaACL
itemnumber 122481
Sublocalización o colección R.78787
Número de control de estantería C-38476/Ej.1
Ubicación en estantería Depósito 2
942 ## - ELEMENTOS DE ENTRADA SECUNDARIOS (KOHA)
Fuente del sistema de clasificación o colocación Clasificación decimal universal
Holdings
Estatus retirado Estado de pérdida Estado de daño No para préstamo Biblioteca de origen Biblioteca actual Ubicación en estantería Fecha de adquisición Fuente de adquisición Total de préstamos Signatura topográfica completa Código de barras Visto por última vez Precio de reemplazo Tipo de ítem Koha Fuente del sistema de clasificación o colocación Restricciones de uso
        Biblioteca del Ateneo de Madrid Biblioteca del Ateneo de Madrid Depósito 2 17/01/2008     L-12205 1005571 23/02/2023 23/02/2023 Libro impreso    
        Biblioteca del Ateneo de Madrid Biblioteca del Ateneo de Madrid Depósito 2 17/01/2008     C-38476/Ej.1 1123091 23/02/2023 23/02/2023 Libro impreso Clasificación decimal universal Duplicado